00590 2200217 4500001002100000005001500021035002000036007000300056008004100059020001800100082001100118084001700129100002300146245002800169260004400197300001200241500008000253650001400333856001700347990000800364INLIS00000000000009820220127115634 a0010-0122000098ta220127 g 0 ind  a9786020287829 a006.66 a006.66 JUB p0 aJubilee Enterprise1 aPhotoshop dan Coreldraw aJakarta :bElex Media Komputindo,c2016 a159 hlm aBuku ini tentang latihan desain grafis menggunakan photoshop dan coreldraw. 4aCorelDraw aKoleksi Umum a167